| 000 | 00480nam a2200181Ia 4500 | ||
|---|---|---|---|
| 008 | 180207s9999 xx 000 0 und d | ||
| 020 | _a9780439994606 | ||
| 050 | _bR989 2002 | ||
| 100 | _aRyan, Margaret | ||
| 245 | 4 | _aThe disappearing dinner / | |
| 245 | _cMargaret Ryan ; illustrated by Jacqueline East. | ||
| 260 | _aNew York : | ||
| 260 | _bScholastic, | ||
| 260 | _c2002 | ||
| 300 | _a48 pages : | ||
| 300 | _bcolor illustration ; | ||
| 440 | _aColour young Hippo. | ||
| 999 |
_c355227 _d355227 |
||